Galería de escritoras isabelinas: la prensa periódica entre 1833 y 1895
保存先:
| 第一著者: | |
|---|---|
| フォーマット: | 図書 |
| 言語: | スペイン語 |
| 出版事項: |
Madrid
Cátedra
2000
|
| 版: | 1a. ed |
| シリーズ: | Feminismos, 61
|
| 主題: | |
| タグ: |
タグ追加
タグなし, このレコードへの初めてのタグを付けませんか!
|
MARC
| LEADER | 00000cam a2200000 a 4500 | ||
|---|---|---|---|
| 001 | UCC5939 | ||
| 003 | CL-VaPUC | ||
| 008 | 181109e20000000sp |||||||||||||||||spa|d | ||
| 020 | |a 8437618665 | ||
| 082 | 0 | 4 | |a 305.4 |b SAN |2 21 |
| 100 | 0 | |a Sánchez Llama, Iñigo |e author |9 600378 | |
| 245 | 1 | 0 | |a Galería de escritoras isabelinas: la prensa periódica entre 1833 y 1895 |
| 250 | |a 1a. ed | ||
| 300 | |a 417 p | ||
| 942 | |c BK | ||
| 945 | |d 20181109 15:19:00 |a dcastane | ||
| 260 | |a Madrid |b Cátedra |c 2000 | ||
| 650 | 0 | |a Feminismo |9 259085 | |
| 650 | 0 | |a Periodistas |9 335499 | |
| 650 | 7 | |a HISTORIA DE ESPAÑA SIGLO 19 |2 CL-VaPUC |9 391806 | |
| 650 | 0 | |a Historia y crítica |9 257407 | |
| 583 | |a last modification |c 20181109 15:19:00 |k Rodrigo Vera | ||
| 490 | 0 | |a Feminismos, 61 | |
| 999 | |c 373042 |d 373040 | ||
| 952 | |0 0 |1 0 |3 erb |4 0 |6 305_400000000000000_SAN_2000 |7 0 |8 A |9 490956 |a BIBCUR |b BIBCUR |i 5511704 |o 305.4 SAN 2000 |p 5511704 |r 2025-04-22 |w 2019-11-24 |y BK |z Catalogado en:20181109 |k PER | ||